Statistiques concernant 200 derniers mots de Harry Potter et les reliques de la mort

Cliquez ici pour prendre le quiz!

Statistiques générales

  • Ce quiz a été pris 122 fois
  • Le résultat moyen est 126 sur 200

Statistiques - réponses

Réponse% Correct
à
99%
d'
99%
s'
99%
- J'
97%
l'
97%
t'
97%
C'
96%
Harry
96%
Harry.
96%
Il
96%
il
96%
La
96%
la
96%
de
95%
De
95%
le
95%
Le
95%
qu'
94%
Ron.
94%
se
92%
ce
90%
et
90%
est
89%
est-
89%
Je
87%
lui,
86%
lui
86%
lui...
86%
en
85%
les
85%
Ginny.
84%
pas,
84%
ça ?
82%
pour
82%
que
82%
suis
82%
ils
81%
te
81%
y
81%
- Ne
80%
dit
76%
train
76%
son
75%
mal.
73%
sur
73%
sûr.
73%
un
73%
bien
71%
bien.
71%
du
71%
moi.
71%
Albus,
70%
avait
70%
Tout
70%
- Tout
70%
faire
67%
main
66%
cicatrice
63%
comme
63%
était
63%
passera
59%
fils
58%
fils,
58%
quai,
57%
regarda
54%
- Pourquoi.
53%
cause
52%
cessé
52%
dans
52%
Rose
52%
Rose,
52%
inquiètes
51%
Lily
49%
éclair.
48%
Hugo
48%
ans
47%
forme
47%
fait
46%
front
46%
regardent
44%
cou
43%
dix-neuf
41%
célèbre.
38%
long
37%
voir
37%
peu
35%
geste
33%
puis,
32%
autres
30%
aux
30%
rire.
30%
signe
30%
suivit
29%
adieu.
28%
vers
28%
toujours
27%
éclatèrent
25%
élèves.
25%
extrêmement
24%
visage
24%
caressa
23%
éloigner
23%
tandis
22%
ébranla
20%
être
20%
disparut
19%
machinal,
19%
joues
18%
même
18%
murmura
18%
wagons
18%
ainsi
16%
rouges
16%
tendaient
16%
excitation.
15%
interrogea
15%
levait
15%
virage.
15%
agitait
14%
déjà
14%
têtes,
14%
déchirement
13%
dernière
13%
fenêtres.
13%
atmosphère
11%
dissipa
11%
nombreuses
11%
ressentait
11%
souriait,
11%
tournées
11%
vapeur
11%
abaissa
10%
automne.
10%
mince
10%
observant
10%
semblaient
10%
trace
10%

Distribution des résultats

Percentile par nombre de réponses

% des personnes avec chaque résultat

Votre développement - résultats

Vous n’avez pas pris ce quiz